Multiple Choice City Quiz – Charlotte - Statistics

General Stats
  • This quiz has been taken 16 times
  • The average score is 7 of 10
Answer Stats
Question Answer % Correct
Charlotte is one of the _______ cities in the US. Fastest Growing
100%
Panthers quarterback who took them to the 2016 Super Bowl. Cam Newton
86%
There is a hall of fame for which sport? NASCAR
86%
What is the nickname of Charlotte? The Queen City
86%
What is the largest bank headquartered in Charlotte? Bank of America
79%
What state (besides NC) does Charlotte have many suburbs in? South Carolina
79%
What major retailer is headquartered near Charlotte? Lowe's
71%
What airline is Charlotte-Douglas International Airport a major hub for? American Airlines
57%
Which pro basketball player has never lived in Charlotte? Shaquille O'Neal
36%
Which of these racing movies is NOT set in or near Charlotte? Rush
14%
No matching quizzes found
Score Distribution
Percent of People with Each Score
Percentile by Number Answered
Your Score History
You have not taken this quiz